00841nam a22002417a 450000500170000001000130001702000210003003500130005103700160006404000120008008200190009210000230011124501080013426000350024227000410027730000200031850000480033865000240038665000160041094200280042699900190045495201260047320170124105934.0 aA-456657 c00.00a817095021 aA-456657 bCen Lib/Ret aDPLbEN a327.73054bVIN aVinod, M. J.99082 aUnited States foreign policy towards India : cby M. J. Vinod b a diagnosis of the American approach / aNew DelhibLancers Book c1991 aP. O. Box no.4236bNew Delhie110048 a278p.c21cm(Hb) aIncludes bibliographic references and index aUnited States99083 aIndia99084 2ddccENh327.73054mVIN c124062d124062 00104070aLbLd2015-06-13eCen Lib/Retg0.00l0o327.73054 VINpA-456657r2015-06-13 00:00:00t1v0.00w2015-06-13yEN